Statistiques concernant États aléatoires des États-Unis - Carte Quiz

Cliquez ici pour prendre le quiz!

Statistiques générales

  • Ce quiz a été pris 2 047 fois
  • Le résultat moyen est 7 sur 10

Réponses sur la Carte

Les réponses sont colorées sur une échelle allant du rouge au vert en fonction du pourcentage des utilisateurs qui les ont devinées à leur premier essai. Vous pouvez retrouver ces pourcentages ci-dessous.
 

Statistiques - réponses

Réponse% Correct
Alaska
96%
Californie
96%
Floride
93%
Texas
92%
Hawaï
88%
Caroline du Nord
84%
Louisiane
84%
Michigan
84%
Washington
83%
Nevada
81%
Dakota du Nord
80%
Dakota du Sud
80%
Maine
80%
Caroline du Sud
78%
Nouveau-Mexique
78%
Arizona
77%
New York
77%
Colorado
76%
Tennessee
75%
Virginie-Occidentale
75%
Géorgie
74%
Virginie
74%
Connecticut
73%
Kentucky
73%
Maryland
73%
Massachusetts
73%
New Hampshire
73%
Oregon
73%
Illinois
72%
Montana
72%
Utah
72%
Minnesota
71%
Nebraska
71%
New Jersey
71%
Oklahoma
71%
Rhode Island
71%
Indiana
70%
Mississippi
70%
Idaho
68%
Missouri
68%
Ohio
67%
Wisconsin
67%
Arkansas
66%
Delaware
66%
Pennsylvanie 
65%
Vermont
65%
Alabama
63%
Kansas
61%
Wyoming
61%
Iowa
51%

Distribution des résultats

Percentile par nombre de réponses

% des personnes avec chaque résultat

Votre développement - résultats

Vous n’avez pas pris ce quiz